<?xml version="1.0" encoding="UTF-8"?>
<collection xmlns="http://www.loc.gov/MARC21/slim">
  <record>
    <leader>00000nam  2200000   4500</leader>
    <controlfield tag="001">INLIS000000000006252</controlfield>
    <controlfield tag="005">20191217124757</controlfield>
    <datafield tag="035" ind1="#" ind2="#">
      <subfield code="a">0010-1219000083</subfield>
    </datafield>
    <controlfield tag="007">ta</controlfield>
    <controlfield tag="008">191217################g##########0#ind##</controlfield>
    <datafield tag="082" ind1="#" ind2="#">
      <subfield code="a">302.12</subfield>
    </datafield>
    <datafield tag="084" ind1="#" ind2="#">
      <subfield code="a">302.12 Ary p</subfield>
    </datafield>
    <datafield tag="100" ind1=" " ind2="#">
      <subfield code="a">Aryati, Lies</subfield>
    </datafield>
    <datafield tag="245" ind1="1" ind2="#">
      <subfield code="a">Panduan untuk menjadi MC Profesional /</subfield>
      <subfield code="c">Lies Aryati</subfield>
    </datafield>
    <datafield tag="250" ind1="#" ind2="#">
      <subfield code="a">cet.3</subfield>
    </datafield>
    <datafield tag="260" ind1="#" ind2="#">
      <subfield code="a">Jakarta :</subfield>
      <subfield code="b">PT. Gramedia Pustaka Utama,</subfield>
      <subfield code="c">2005</subfield>
    </datafield>
    <datafield tag="300" ind1="#" ind2="#">
      <subfield code="a">xii, 145 hlm. :</subfield>
      <subfield code="b">ilus ;</subfield>
      <subfield code="c">20 hlm.</subfield>
    </datafield>
    <datafield tag="650" ind1="#" ind2="#">
      <subfield code="a">Panduan MC, pembawa acara</subfield>
    </datafield>
    <datafield tag="856" ind1="#" ind2="#">
      <subfield code="a">Perpustakaan Lembaga Administrasi Negara</subfield>
    </datafield>
    <datafield tag="520" ind1="#" ind2="#">
      <subfield code="a">Perkembangan dunia penyiaran, entertainment, dan semakin suburnya berbagai event menjadikan peran MC, Master of Ceremony, semakin penting. Bahkan dalam banyak kasus, MC ikut menentukan keberhasilan sebuah acara. MC bisa membuat suasana jadi "cair", meriah, akrab, khusuk, ataupun serius, tergantung pada event atau momennya. Kepiawaian seorang MC untuk menampilkan diri dalam konteks yang tepat jelas membutuhkan keterampilan dan wawasan tersendiri, disamping kecerdasan dan kepekaan. Artinya, orang butuh belajar dan menyiapkan diri secara matang untuk bisa tampil sebagai MC yang profesional. Buku ini akan memberikan petunjuk dan tuntunan praktis yang amat berharga bagi siapapun yang akan atau telah menerjuni dunia ini. Anda akan belajar mulai dari hal-hal dasar seputar MC, seperti siapa yang cocok jadi MC, apa syarat-syaratnya, tata cara dan tata krama, jenis acara, lokasi, audiens; samai masalah-masalah teknis pelaksanaan acara, dilengkapi dengan contoh-contoh menjadi MC untuk acara peresmian, pernikahan, hiburan, launching produk, pameran, dan lain-lain.</subfield>
    </datafield>
    <datafield tag="990" ind1="#" ind2="#">
      <subfield code="a">070310431</subfield>
    </datafield>
  </record>
</collection>
